| 000 | 00764nam a2200229 u 4500 | ||
|---|---|---|---|
| 005 | 20240228063935.0 | ||
| 008 | 080610s2006 es r 000 0 spa d | ||
| 020 | _a8426352847 | ||
| 035 | _aUPN01000156735 | ||
| 049 | _aI | ||
| 050 | 4 |
_aBF723 I6.46 _bE7.6 |
|
| 100 | 1 |
_aEscudié, René, _d1941- |
|
| 245 | 1 | 0 |
_aPaco y Alvaro se pelean / _cRené Escudié ; il. Ulises Wensell ; tr. R. Rozarena. |
| 260 |
_aZaragoza, Esp. : _bEdelvives, _c2006. |
||
| 300 |
_a42 p. : _bprincipalmente il. col. |
||
| 440 | 0 |
_aAla Delta. _pRoja ; _v32 |
|
| 650 | 4 |
_aRELACIONES INTERPERSONALES EN NIÑOS _910513 |
|
| 650 | 7 |
_aAmistad entre niños _2 _94319 |
|
| 650 | 4 |
_aLibros y lectura para niños _92290 |
|
| 700 | 1 |
_aWensell, Ulises, _d1945-2011 _eil. _933271 |
|
| 905 | _aInfantil | ||
| 999 |
_c128849 _d128849 |
||